| 000 | 00436nam a22001697a 4500 | ||
|---|---|---|---|
| 003 | SGT | ||
| 020 | _a9789354657252 | ||
| 082 |
_a614 _bE24J |
||
| 100 | _aJAIN, VIVEK | ||
| 245 | _aEXAM PREPARATORY MANUAL FOR UG COMMUNITY MEDICINE (PSM) | ||
| 250 | _a4TH | ||
| 260 |
_aINDIA _bJAYPEE PUB _c2024 |
||
| 300 | _a536 | ||
| 650 | _aCOMMUNITY MEDICINE | ||
| 653 | _aEXAM PREPARATORY MANUAL FOR UG COMMUNITY MEDICINE | ||
| 942 |
_2ddc _cBK |
||
| 999 |
_c30699 _d30699 |
||